000 00426cam a22001217a 4500
008 180718b2001 xxu||||| |||| 00| 0 eng d
082 _aXA000x54 Al51
100 _aIndia. Ministry of Rural Development
245 _aAll India report on concurrent evaluation of Indira awas yojana (1998-1999)
_cby Ministry of Rural Development, India
260 _aDelhi
_bThe author
_c2001
300 _a110p.
650 _aHousing policy - India
999 _c491909
_d491909